000 02290nam0a2200373 i 4500
001 RU\NLR\BIBL_A\011171403
005 20260405142630.0
010 _a9785714012662
_9150
035 _a(NLR Aleph) 011171403
090 _a11766835
_c11766835
100 _a20160704d2013 u y0rusy50 ca
101 1 _arus
_cpol
102 _aRU
105 _a z 000yd
200 1 _aВо славу Шопена. Балакирев в Варшаве и Желязовой Воле
_fГжегож Вишневский
_gпер. с пол. Б. Гонтарева, В. Танской
210 _aМосква
_cМузыка
_d2013
215 _a125, [1] с.
_cил., портр.
_d20
300 _aЗагл. и авт. ориг.: W holdzie Chopinowi Balakiriew w Warszawie i Żelazowej Woli/ G. Wiśniewski
320 _aБиблиогр. в подстроч. примеч.
454 0 _12001#$aW holdzie Chopinowi Balakiriew w Warszawie i Żelazowej Woli$fG. Wiśniewski
_1700#1$aWiśniewski$bG.$f1948-$gGrzegorz$3RU\NLR\AUTH\770151608
_tW holdzie Chopinowi Balakiriew w Warszawie i Żelazowej Woli
_aWiśniewski, Grzegorz (1948-)
600 1 _aШопен
_bФ.
_f1810 - 1849
_gФридерик
_9999099
_3RU\NLR\AUTH\66378603
600 1 _aБалакирев
_bМ. А.
_f1836 - 1910
_gМилий Алексеевич
_xПамятные места
_yЖелязова-Воля, деревня (Польша)
_92290055
_3RU\NLR\AUTH\6601599089
606 1 _aМузыкальная культура
_yВаршава, город (Польша)
_z19 в.
_92290051
_3RU\NLR\AUTH\6601599087
606 1 _aМузыкальная культура
_yСанкт-Петербург, город
_z19 в.
_91076206
_3RU\NLR\AUTH\66419890
686 1 _aЩ313(2Р=Рус)51-81 Балакирев
686 1 _aЩ313(4П)51-81Шопен
686 1 _aЩ313(4П)5-692Варшава
686 1 _aЩ313(2Р=Рус)5-692Петербург
700 1 _7ca
_8rus
_aВишневский
_bГ.
_f1948-
_gГжегож
_9151569
_3RU\NLR\AUTH\770151607
702 1 _4570
_7ca
_8rus
_aШопен
_bФ.
_f1810-1849
_gФридерик
_941431
_3RU\NLR\AUTH\7758499
702 1 _4570
_7ca
_8rus
_aБалакирев
_bМ. А.
_f1836-1910
_gМилий Алексеевич
_937453
_3RU\NLR\AUTH\7754521
942 _cBOOK
980 _aNBR